000 00310nam a2200109Ia 4500
008 200302s9999 xx 000 0 und d
100 _aStudio Archohm
245 _aARCHITECTURE AND ATTITUDE - A CONTEMPORARY INDIAN PERSPECTIVE
260 _bRupa Publications India Pvt.Ltd
260 _c2015
300 _a196 P.,
999 _c4340
_d4340